000 00189 a2200097 4500
020 _a9780545589192
041 _aeng
100 _aUrbanovic, Jackie
245 _aDucks in a row
942 _cBK
999 _c31682
_d31680